Low speed aerodynamics : from wing theory to panel methods

Bibliographic Details
Main Author: Katz, Joseph
Other Authors: Plotkin, Allen
Format: Book
Published: New York : McGraw-Hill , 1991
Subjects:

MARC

LEADER 00000cam a2200000 7i4500
001 0000003068
002 000003321
005 20000330.0
020 |a 0070504466 
090 0 0 |a 629.1323   |b KAT 
100 1 |a Katz, Joseph 
245 1 0 |a Low speed aerodynamics :   |b from wing theory to panel methods   |c Joseph Katz and Allen Plotkin 
260 |a New York :   |b McGraw-Hill ,   |c 1991 
300 |a 632p. ;   |c 22cm. 
650 0 0 |a Aerodynamics 
700 1 |a Plotkin, Allen 
999 |a 036625   |b BUKU   |c PINJAMAN   |e PERPUSTAKAAN KOMUNITI PETALING JAYA